000 00662nam a22002057a 4500
999 _c57874
_d57874
005 20200128131149.0
010 _aUR-7980 B-429290
020 _c200.00
_a9788180421822
035 _aU-6535
035 _aB-429290
037 _bDBAD/PUB
082 _a844
100 _aا حتشا م ا ختر
245 _aا ند ا ز نظر /
_cا حتشا م ا ختر
246 _aAndaz-e-Nazar /
_bby Ehtesham Akhtar
260 _aدہلی
_c2010 ء
_bمو ڈ ر ن پبلشنگ ہا ؤ س
270 _a9,Gola Market, Darya Ganj,New Delhi -2
_bDelhi
_e110002
_k011-23278869
300 _a160p.
_c22cm(Hb)
942 _2ddc
_cUR
_h844
_mا خ ت